[Event "Tradewise Gibraltar Chess Festival 2012"]
[Site "?"]
[Date "2012.01.23"]
[Round "1.1"]
[White "Ungureanu, Sandu"]
[Black "Hanley, James L"]
[Result "1-0"]
[WhiteElo "2039"]
[BlackElo "2247"]
[PlyCount "99"]
[EventDate "2012.01.23"]

1. g3 Nf6 2. Bg2 g6 3. c4 Bg7 4. d4 O-O 5. e4 d6 6. Ne2 c5 7. O-O cxd4 8. Nxd4
Nfd7 9. Nc3 Nc6 10. Be3 Nde5 11. b3 Ng4 12. Nxc6 Nxe3 13. fxe3 bxc6 14. Rc1 Be5
15. Qd3 h5 16. Ne2 h4 17. Nd4 Qc7 18. gxh4 Kg7 19. Nf3 Rh8 20. Nxe5 dxe5 21.
Qe2 f6 22. Qf2 Bg4 23. Qg3 Qd7 24. h3 Bh5 25. Rf2 Rad8 26. Kh2 Qd3 27. Rg1 Rh6
28. Bf1 Qxe4 29. Bg2 Qd3 30. Bxc6 e4 31. Qc7 Kf8 32. Bxe4 Qd7 33. Qxd7 Rxd7 34.
Bd5 Kg7 35. e4 Rh8 36. e5 fxe5 37. Re1 e6 38. Bxe6 Re7 39. Bd5 Rhe8 40. Kg3 e4
41. Re3 Bf3 42. b4 Kf6 43. Bxe4 Rxe4 44. Rfxf3+ Kg7 45. Rxe4 Rxe4 46. Ra3 Rxc4
47. Rxa7+ Kf6 48. b5 Kf5 49. Ra3 Ke5 50. Rb3 1-0

[Event "Tradewise Gibraltar Chess Festival 2012"]
[Site "?"]
[Date "2012.01.23"]
[Round "1.2"]
[White "Byron, Alan M"]
[Black "Suez-Panama, Gilles"]
[Result "1-0"]
[WhiteElo "2241"]
[BlackElo "2034"]
[PlyCount "121"]
[EventDate "2012.01.23"]

1. c4 Nf6 2. g3 g6 3. Bg2 Bg7 4. Nc3 O-O 5. e4 d6 6. Nge2 e5 7. O-O Nc6 8. d3
Nd4 9. Nxd4 exd4 10. Ne2 c5 11. h3 Nd7 12. f4 f5 13. exf5 gxf5 14. Kh2 Nf6 15.
Ng1 Rb8 16. a4 Bd7 17. Nf3 Re8 18. b3 Bc6 19. Ra2 Qc7 20. Nh4 Bd7 21. Re1 Rxe1
22. Qxe1 Re8 23. Re2 Rxe2 24. Qxe2 Bf8 25. Bf3 b6 26. g4 fxg4 27. hxg4 Qc8 28.
Kg3 Qe8 29. g5 Qxe2 30. Bxe2 Ne8 31. Bg4 Bc6 32. Bf3 Bd7 33. f5 Ng7 34. Kf4 Kf7
35. Bd5+ Ke8 36. Bg8 h6 37. gxh6 Ne6+ 38. Kg3 Nd8 39. f6 Nf7 40. Bxf7+ Kxf7 41.
h7 Bg7 42. fxg7 Kxg7 43. Bf4 a6 44. Bxd6 Kxh7 45. Kf4 Kg7 46. a5 bxa5 47. Bxc5
Kf6 48. Bxd4+ Ke6 49. Bb6 a4 50. bxa4 Bxa4 51. Ke4 Bc6+ 52. Kd4 Ba4 53. Nf3 Kd6
54. Ba5 Bc2 55. Ne5 Ba4 56. Nf7+ Ke7 57. Ng5 Kd6 58. Ne4+ Kc6 59. Nc5 Bb5 60.
cxb5+ Kxb5 61. Nb3 1-0

[Event "Tradewise Gibraltar Chess Festival 2012"]
[Site "?"]
[Date "2012.01.23"]
[Round "1.3"]
[White "Marder, Simon"]
[Black "Vea, Odin Blikra"]
[Result "0-1"]
[WhiteElo "2032"]
[BlackElo "2233"]
[PlyCount "92"]
[EventDate "2012.01.23"]

1. d4 f5 2. Nc3 Nf6 3. Bg5 e6 4. e4 fxe4 5. Nxe4 Be7 6. Bxf6 Bxf6 7. Nf3 b6 8.
Qd2 Bb7 9. Bd3 Nc6 10. c3 Qe7 11. O-O-O O-O-O 12. Rhe1 Kb8 13. Kb1 h6 14. Qc2
Qf7 15. Ned2 g5 16. Nc4 Rhf8 17. Re2 Bh8 18. h3 Qg7 19. Ne1 h5 20. Ne5 Nxe5 21.
dxe5 g4 22. hxg4 hxg4 23. Be4 Bc8 24. Nd3 Qg5 25. f4 gxf3 26. Bxf3 Ba6 27. c4
Rf5 28. Nc5 Bc8 29. Red2 Rxf3 30. Nxe6 Qxe5 31. Re2 Rf2 32. Rxe5 Rxc2 33. Nxd8
Rxg2 34. Re8 Rxb2+ 35. Kc1 Rh2 36. Nf7 Bb2+ 37. Kb1 Kb7 38. Ne5 d6 39. Nd3 Bf5
40. Re3 Bd4 41. Rg3 Rb2+ 42. Kc1 Rxa2 43. Nb4 Bb2+ 44. Kd2 Ra4 45. Rb3 Be5 46.
Rf1 Be6 0-1

[Event "Tradewise Gibraltar Chess Festival 2012"]
[Site "?"]
[Date "2012.01.23"]
[Round "1.4"]
[White "Benmesbah, Natacha"]
[Black "Carlsten, Peter"]
[Result "1-0"]
[WhiteElo "2228"]
[BlackElo "2030"]
[PlyCount "61"]
[EventDate "2012.01.23"]

1. e4 d6 2. d4 Nf6 3. Nc3 e5 4. Nf3 Nbd7 5. Bc4 Be7 6. O-O O-O 7. Re1 c6 8. a4
a5 9. Ba2 Qc7 10. h3 exd4 11. Nxd4 Nc5 12. Qf3 Be6 13. Nf5 Bxa2 14. Rxa2 Ne6
15. Bf4 Nxf4 16. Qxf4 Rfe8 17. Raa1 Rad8 18. Re3 Bf8 19. Qg5 Re6 20. Rd1 Ne8
21. e5 Rg6 22. Qh4 Rb8 23. exd6 Bxd6 24. Ne7+ Bxe7 25. Rxe7 Qb6 26. Qf4 Nd6 27.
Rxd6 Rf8 28. Rxg6 hxg6 29. b3 Qc5 30. Qe3 Qb4 31. Re8 1-0

[Event "Tradewise Gibraltar Chess Festival 2012"]
[Site "?"]
[Date "2012.01.23"]
[Round "1.5"]
[White "Campos Calvo-Sotelo, Juan"]
[Black "Pettersson, Anders"]
[Result "0-1"]
[WhiteElo "2028"]
[BlackElo "2219"]
[PlyCount "80"]
[EventDate "2012.01.23"]

1. b4 d5 2. e3 e6 3. Bb2 Nf6 4. a3 c5 5. bxc5 Bxc5 6. c4 d4 7. Nf3 Nc6 8. exd4
Nxd4 9. Nc3 O-O 10. Na4 Nxf3+ 11. Qxf3 Bd4 12. Rc1 e5 13. h3 Bd7 14. Nc3 Bc6
15. Qg3 Nh5 16. Qg4 Nf4 17. Nd1 Bxb2 18. Nxb2 Qd4 19. Rc3 Rad8 20. Nd3 Nxd3+
21. Bxd3 e4 22. O-O exd3 23. Qxd4 Rxd4 24. Re1 Rfd8 25. Re3 f5 26. g3 Kf7 27.
Kh2 Kf6 28. h4 g6 29. Kh3 h6 30. Kh2 g5 31. h5 g4 32. Kg1 Bf3 33. a4 R8d6 34.
Re1 Rb6 35. a5 Rc6 36. Rec1 a6 37. Kh2 Rc5 38. Rb3 f4 39. Rb6+ Kg7 40. Rg6+ Kh7
0-1

[Event "Tradewise Gibraltar Chess Festival 2012"]
[Site "?"]
[Date "2012.01.23"]
[Round "1.6"]
[White "Tavares, Shawn P"]
[Black "Lam, Daniel King-Wai"]
[Result "1-0"]
[WhiteElo "2218"]
[BlackElo "2022"]
[PlyCount "91"]
[EventDate "2012.01.23"]

1. e4 e6 2. d4 d5 3. Nc3 Nf6 4. Bg5 dxe4 5. Nxe4 Nbd7 6. Bd3 Be7 7. Nxf6+ Bxf6
8. Bxf6 Nxf6 9. Nf3 O-O 10. O-O b6 11. Re1 Bb7 12. c3 Rc8 13. Qe2 c5 14. Ba6
Qc7 15. dxc5 bxc5 16. Rad1 Bxa6 17. Qxa6 Qb6 18. Qxb6 axb6 19. Rd6 b5 20. b3 c4
21. bxc4 Rxc4 22. Rb6 Rxc3 23. Rxb5 Ra3 24. Rb2 Nd5 25. Kf1 Rfa8 26. Reb1 g6
27. Rb8+ Rxb8 28. Rxb8+ Kg7 29. Rb7 Kf6 30. Rb2 Nf4 31. Nd2 Ra4 32. g3 Nd5 33.
Nb1 Ke5 34. a3 f5 35. Ke2 g5 36. Rb7 h5 37. Rh7 Nf6 38. Rg7 g4 39. f4+ gxf3+
40. Kxf3 h4 41. Rb7 hxg3 42. hxg3 Nd5 43. Rb3 Kd4 44. Ke2 e5 45. Rd3+ Ke4 46.
Nd2# 1-0

[Event "Tradewise Gibraltar Chess Festival 2012"]
[Site "?"]
[Date "2012.01.23"]
[Round "1.7"]
[White "Hamer, Martyn"]
[Black "Urbina Perez, Juan Antonio"]
[Result "1-0"]
[WhiteElo "2010"]
[BlackElo "2210"]
[PlyCount "43"]
[EventDate "2012.01.23"]

1. e4 e5 2. Nc3 Nc6 3. Bc4 Nf6 4. d3 Bc5 5. f4 d6 6. Nf3 h6 7. Na4 Bb6 8. Nxb6
axb6 9. Bb3 Bg4 10. c3 d5 11. exd5 Nxd5 12. h3 Bxf3 13. Qxf3 Nxf4 14. Bxf4 exf4
15. O-O O-O 16. Qxf4 Qd7 17. Rae1 Nd8 18. d4 Ra5 19. Re3 Rg5 20. Rfe1 Rg6 21.
Qe4 c5 22. Qxg6 1-0

[Event "Tradewise Gibraltar Chess Festival 2012"]
[Site "?"]
[Date "2012.01.23"]
[Round "1.9"]
[White "Salomon, Johan"]
[Black "Agrest, Inna"]
[Result "0-1"]
[WhiteElo "2002"]
[BlackElo "2189"]
[PlyCount "68"]
[EventDate "2012.01.23"]

1. Nf3 Nf6 2. g3 g6 3. Bg2 Bg7 4. c4 d6 5. O-O O-O 6. Nc3 Nbd7 7. Rb1 Re8 8. b4
e5 9. d3 Nf8 10. Qc2 Ne6 11. e3 h5 12. Bb2 Nh7 13. b5 f5 14. a4 g5 15. a5 Rb8
16. Na4 h4 17. e4 fxe4 18. dxe4 b6 19. Rbd1 Qf6 20. Nc3 Qf7 21. Nd5 Nf6 22. Bc1
Qh5 23. Be3 Ng4 24. Bd2 hxg3 25. fxg3 Nd4 26. Qd3 Nxf3+ 27. Rxf3 Nxh2 28. Nxc7
Bg4 29. Nxe8 Nxf3+ 30. Bxf3 Bxf3 31. Rf1 g4 32. Nxd6 Rd8 33. Be3 Rxd6 34. Qxd6
Qh1+ 0-1

[Event "Tradewise Gibraltar Chess Festival 2012"]
[Site "?"]
[Date "2012.01.23"]
[Round "1.10"]
[White "Peredy, Ferenc"]
[Black "Obiamiwe, Paul"]
[Result "1/2-1/2"]
[WhiteElo "2180"]
[BlackElo "1982"]
[PlyCount "61"]
[EventDate "2012.01.23"]

1. d4 d5 2. c4 e6 3. Nc3 Be7 4. Bf4 Nf6 5. e3 O-O 6. Qc2 Na6 7. Rd1 c5 8. Nf3
Qa5 9. Be2 cxd4 10. exd4 dxc4 11. Bxc4 Nb4 12. Qb1 b5 13. Be2 Nbd5 14. Bd2 b4
15. Nxd5 Nxd5 16. O-O Ba6 17. Rfe1 Bxe2 18. Rxe2 Qb5 19. Rde1 Rac8 20. Re5 Bf6
21. Rh5 g6 22. Rh3 Qc6 23. Bh6 Rfd8 24. Rc1 Qd6 25. Rxc8 Rxc8 26. Qe4 a5 27.
Bd2 Qe7 28. g4 Qc7 29. g5 Be7 30. Ne1 a4 31. Qh4 1/2-1/2

[Event "Tradewise Gibraltar Chess Festival 2012"]
[Site "?"]
[Date "2012.01.23"]
[Round "1.11"]
[White "Mihajlov, Sebastian"]
[Black "Vanparys, Philip"]
[Result "1-0"]
[WhiteElo "1974"]
[BlackElo "2174"]
[PlyCount "81"]
[EventDate "2012.01.23"]

1. d4 d6 2. Nf3 Bg4 3. c4 Bxf3 4. exf3 Nd7 5. Nc3 g6 6. Be2 Bg7 7. f4 Nh6 8.
Be3 O-O 9. O-O c6 10. Qc2 Nf5 11. Rad1 Qa5 12. a3 c5 13. b4 cxb4 14. axb4 Qxb4
15. Rb1 Qa5 16. Rxb7 Bxd4 17. Nd5 Bxe3 18. fxe3 Nc5 19. Nxe7+ Nxe7 20. Rxe7
Rae8 21. Rxe8 Rxe8 22. f5 Qa3 23. fxg6 Qxe3+ 24. Kh1 hxg6 25. Bf3 Qd3 26. Qc1
Ne4 27. Re1 Qd4 28. h3 Nf2+ 29. Kh2 Rxe1 30. Qxe1 Qf4+ 31. Kg1 Nxh3+ 32. Kh1
Ng5 33. Bd5 Kf8 34. Qa1 Qe3 35. Qa5 Ne6 36. Bxe6 Qxe6 37. Qxa7 Qxc4 38. Qb8+
Ke7 39. Qa7+ Kf6 40. Qb8 Qd4 41. Qh8+ 1-0

[Event "Tradewise Gibraltar Chess Festival 2012"]
[Site "?"]
[Date "2012.01.23"]
[Round "1.12"]
[White "Daoudi, Kamal"]
[Black "Lochte, Szilvia"]
[Result "1-0"]
[WhiteElo "2165"]
[BlackElo "1956"]
[PlyCount "57"]
[EventDate "2012.01.23"]

1. e4 c5 2. Nf3 e6 3. d4 cxd4 4. Nxd4 a6 5. Nc3 Qc7 6. Be3 Nf6 7. Bd3 Be7 8.
O-O d6 9. f4 b6 10. Kh1 Bb7 11. Qe1 Nbd7 12. Qg3 g6 13. Rae1 Nc5 14. e5 Nd5 15.
Nxd5 Bxd5 16. b3 Nxd3 17. cxd3 O-O 18. f5 exf5 19. Nxf5 dxe5 20. Bxb6 Qb7 21.
Rxe5 Bd8 22. Bc5 f6 23. Nh6+ Kg7 24. Bxf8+ Kxf8 25. Qg5 Kg7 26. Nf5+ Kh8 27.
Re8+ Bg8 28. Nh6 Qg7 29. Nxg8 1-0

[Event "Tradewise Gibraltar Chess Festival 2012"]
[Site "?"]
[Date "2012.01.23"]
[Round "1.13"]
[White "Johnsen, Kjell Magne"]
[Black "Morenilla Rocher, Fernando"]
[Result "1-0"]
[WhiteElo "1950"]
[BlackElo "1853"]
[PlyCount "67"]
[EventDate "2012.01.23"]

1. d4 d6 2. Nf3 c6 3. c4 g6 4. Nc3 Bg7 5. e4 Bg4 6. Be3 a6 7. Be2 Bxf3 8. Bxf3
Qc7 9. O-O Nd7 10. Qd2 e5 11. Be2 h5 12. h3 f5 13. exf5 gxf5 14. dxe5 dxe5 15.
f4 e4 16. Rad1 O-O-O 17. Qc2 Ne7 18. b4 Rdg8 19. b5 Bxc3 20. Qxc3 cxb5 21. Qa3
b4 22. Qxb4 Ng6 23. Rxd7 Kxd7 24. Rd1+ Ke6 25. c5 Rd8 26. Bc4+ Kf6 27. Qc3+ Ne5
28. fxe5+ Qxe5 29. Bd4 Rxd4 30. Qxd4 Rc8 31. Qd6+ Qxd6 32. cxd6 b5 33. d7 Rd8
34. Be2 1-0

[Event "Tradewise Gibraltar Chess Festival 2012"]
[Site "?"]
[Date "2012.01.23"]
[Round "1.16"]
[White "Samu, Sorin-Mihai"]
[Black "Frey, Matthias"]
[Result "1-0"]
[WhiteElo "2156"]
[BlackElo "1941"]
[PlyCount "51"]
[EventDate "2012.01.23"]

1. e4 e6 2. c4 d5 3. Nc3 dxe4 4. Nxe4 Bd7 5. d4 Bc6 6. Nc3 Nf6 7. Be3 Be7 8.
Nf3 Bxf3 9. Qxf3 c6 10. g4 h5 11. g5 Ng4 12. h4 Nxe3 13. Qxe3 Nd7 14. Be2 Qc7
15. Rh3 Nf8 16. O-O-O O-O-O 17. Rf3 f6 18. Ne4 fxg5 19. Nxg5 Bxg5 20. Qxg5 Nh7
21. Qe3 Rhe8 22. Rg3 Nf6 23. Rg5 Re7 24. Re5 Kb8 25. f4 g6 26. Rg5 1-0

[Event "Tradewise Gibraltar Chess Festival 2012"]
[Site "?"]
[Date "2012.01.23"]
[Round "1.17"]
[White "Bucknell, Malcolm Gordon"]
[Black "James, David"]
[Result "0-1"]
[WhiteElo "1937"]
[BlackElo "2153"]
[PlyCount "102"]
[EventDate "2012.01.23"]

1. d4 Nf6 2. Nf3 e6 3. g3 c5 4. Bg2 cxd4 5. O-O Be7 6. Nxd4 a6 7. c4 O-O 8. Nc3
Qc7 9. Qd3 d6 10. b3 Nbd7 11. Bb2 Ne5 12. Qd2 Bd7 13. Rac1 Rac8 14. Kh1 Qb8 15.
a4 Nc6 16. Nxc6 Bxc6 17. e4 Rfd8 18. Rfe1 Nd7 19. b4 b6 20. Qe2 Bf6 21. f4 Bb7
22. g4 h6 23. h4 Bxh4 24. Rg1 g5 25. Rgf1 Qc7 26. Qf3 Rf8 27. Ne2 gxf4 28. Nxf4
Ne5 29. Qh3 Bg5 30. Nh5 f6 31. c5 bxc5 32. bxc5 dxc5 33. Rc2 Qd7 34. Rcf2 Qe7
35. Nf4 Kh7 36. Qh5 Qe8 37. Bxe5 fxe5 38. Nxe6 Qxh5+ 39. gxh5 Rxf2 40. Rxf2 Kg8
41. Nxg5 hxg5 42. Rf5 c4 43. Rxg5+ Kh8 44. Bf3 c3 45. Rg1 Bc6 46. a5 c2 47. Rc1
Ba4 48. Be2 Rb8 49. Kg2 Rb1 50. Rxc2 Bxc2 51. Kf3 Rb3+ 0-1

[Event "Tradewise Gibraltar Chess Festival 2012"]
[Site "?"]
[Date "2012.01.23"]
[Round "1.19"]
[White "Helin, Mikael"]
[Black "Allor, Chukwuka"]
[Result "0-1"]
[WhiteElo "1935"]
[BlackElo "2145"]
[PlyCount "62"]
[EventDate "2012.01.23"]

1. e4 c5 2. Nc3 e6 3. Nge2 Nc6 4. g3 Nf6 5. Bg2 Be7 6. O-O d5 7. d4 cxd4 8.
exd5 exd5 9. Nxd4 O-O 10. h3 Qb6 11. Be3 Qxb2 12. Nxd5 Nxd5 13. Bxd5 Bxh3 14.
Rb1 Qa3 15. Qh5 Bxf1 16. Kxf1 Nxd4 17. Bxd4 Rad8 18. Qg4 Bf6 19. Bxf6 Qa6+ 20.
c4 Qxf6 21. Rxb7 Rxd5 22. Rxa7 Rd2 23. Qf4 Qxf4 24. gxf4 Rc2 25. Rc7 g6 26. Kg2
Ra8 27. Kg3 Raxa2 28. Kg4 Rxf2 29. c5 Ra4 30. c6 Rfxf4+ 31. Kg3 Rfc4 0-1

[Event "Tradewise Gibraltar Chess Festival 2012"]
[Site "?"]
[Date "2012.01.23"]
[Round "1.20"]
[White "Seyfried, Claus"]
[Black "Nwachukwu, Chino"]
[Result "1-0"]
[WhiteElo "2141"]
[BlackElo "1926"]
[PlyCount "85"]
[EventDate "2012.01.23"]

1. e4 c5 2. c3 Nc6 3. d4 d5 4. exd5 Qxd5 5. dxc5 Qxd1+ 6. Kxd1 Bf5 7. Be3 Nf6
8. f3 e5 9. b4 Nd5 10. Bd2 O-O-O 11. Kc1 g6 12. Ne2 h5 13. Ng3 h4 14. Nxf5 gxf5
15. Bc4 Nce7 16. Re1 f6 17. Na3 Bh6 18. Bxh6 Rxh6 19. Nb5 Rg6 20. Rd1 Rxg2 21.
Nd6+ Kb8 22. Bxd5 Nxd5 23. Rxd5 Rxh2 24. Rd2 Rh3 25. Rf2 f4 26. Kc2 Rg3 27. Rh1
h3 28. Kd3 f5 29. Ke2 Kc7 30. Rfh2 e4 31. Rxh3 Rg2+ 32. Kf1 Rxa2 33. Rh7+ Kc6
34. b5+ Kd5 35. fxe4+ fxe4 36. R1h5+ Ke6 37. R7h6+ Kd7 38. Nxe4 Rf8 39. c6+
bxc6 40. Nc5+ Ke7 41. Rxc6 Rf7 42. Rc7+ Kf8 43. Ne6+ 1-0

[Event "Tradewise Gibraltar Chess Festival 2012"]
[Site "?"]
[Date "2012.01.23"]
[Round "1.21"]
[White "Annetts, Ivor S"]
[Black "Severijnen, Arjon"]
[Result "0-1"]
[WhiteElo "1895"]
[BlackElo "2140"]
[PlyCount "52"]
[EventDate "2012.01.23"]

1. e4 c5 2. c3 Nf6 3. e5 Nd5 4. d4 cxd4 5. Nf3 Nc6 6. Bc4 Nb6 7. Bb3 d5 8. exd6
Qxd6 9. Na3 Be6 10. O-O Bxb3 11. Qxb3 e6 12. Nb5 Qd8 13. Nbxd4 Nxd4 14. Nxd4
Be7 15. Rd1 Qd5 16. Nb5 Qc6 17. Bf4 O-O 18. Nd4 Qe4 19. Bg3 Bc5 20. Re1 Qg4 21.
h3 Qg6 22. Nf3 Qxg3 23. Qc2 Nd5 24. Kf1 Qg6 25. Qd2 Rad8 26. Re5 Ne3+ 0-1

[Event "Tradewise Gibraltar Chess Festival 2012"]
[Site "?"]
[Date "2012.01.23"]
[Round "1.22"]
[White "Hagen, Anders Gjerdrum"]
[Black "Knudsen, Jes West"]
[Result "1-0"]
[WhiteElo "2139"]
[BlackElo "1892"]
[PlyCount "99"]
[EventDate "2012.01.23"]

1. d4 f5 2. g3 Nf6 3. Bg2 g6 4. Nf3 Bg7 5. O-O O-O 6. c4 d6 7. Nc3 Nc6 8. d5
Ne5 9. Qb3 Nxf3+ 10. Bxf3 Kh8 11. Rd1 Ng4 12. Nb5 Ne5 13. Bg2 c5 14. dxc6 bxc6
15. Nd4 Bd7 16. f4 Rb8 17. Qc2 Ng4 18. h3 c5 19. Nc6 Bxc6 20. Bxc6 Qb6 21. Bf3
Bd4+ 22. Rxd4 cxd4 23. c5 dxc5 24. hxg4 fxg4 25. Bxg4 h5 26. Bf3 Rbc8 27. Qc4
h4 28. gxh4 Qf6 29. Kg2 Qxh4 30. Bd2 Kg7 31. Rh1 Qf6 32. b4 cxb4 33. Qxb4 Qd6
34. Qxd6 exd6 35. Be4 Rc5 36. Bb4 Rh5 37. Bxd6 Rd8 38. Be5+ Kh6 39. Rc1 Re8 40.
Rc6 Rhxe5 41. fxe5 Rxe5 42. Kf3 Ra5 43. Bxg6 Kg5 44. Bd3 Rxa2 45. Rg6+ Kh5 46.
Rd6 a5 47. Kf4 a4 48. Bg6+ Kh4 49. Bf5 Rxe2 50. Rh6# 1-0

[Event "Tradewise Gibraltar Chess Festival 2012"]
[Site "?"]
[Date "2012.01.23"]
[Round "1.23"]
[White "Andersen, Daniel"]
[Black "Ranaivoharisoa, Alain"]
[Result "0-1"]
[WhiteElo "1884"]
[BlackElo "2135"]
[PlyCount "58"]
[EventDate "2012.01.23"]

1. c4 Nf6 2. Nc3 e6 3. e4 c5 4. Nf3 d6 5. d4 cxd4 6. Nxd4 Be7 7. Be2 a6 8. O-O
O-O 9. Be3 Nbd7 10. Qd2 Qc7 11. Rfc1 b6 12. f3 Bb7 13. a4 Rac8 14. Nd1 Rfd8 15.
a5 bxa5 16. Qxa5 Qb8 17. b4 Bf8 18. Nb3 d5 19. exd5 exd5 20. c5 Re8 21. Bf1 Ne5
22. Bf4 Nxf3+ 23. gxf3 Qxf4 24. Kg2 d4 25. c6 Bd6 26. Bxa6 Qxh2+ 27. Kf1 Qh1+
28. Kf2 Qe1+ 29. Kg2 Qg3+ 0-1

[Event "Tradewise Gibraltar Chess Festival 2012"]
[Site "?"]
[Date "2012.01.23"]
[Round "1.24"]
[White "Kandic, Milan"]
[Black "Wihlborn, Bengt"]
[Result "1-0"]
[WhiteElo "2131"]
[BlackElo "1866"]
[PlyCount "93"]
[EventDate "2012.01.23"]

1. e4 c5 2. Nf3 e6 3. d3 d5 4. e5 Nc6 5. Qe2 Nd4 6. Nxd4 cxd4 7. Nd2 Qb6 8. g3
Bd7 9. Nb3 Bb4+ 10. Bd2 Rc8 11. Bxb4 Qxb4+ 12. Qd2 Qb6 13. Rc1 Ne7 14. c3 Nc6
15. cxd4 O-O 16. Nc5 Rfd8 17. Qc3 Be8 18. Be2 Qb4 19. Qxb4 Nxb4 20. O-O b6 21.
Nb7 Rxc1 22. Rxc1 Rb8 23. Nd6 Nxa2 24. Ra1 Nb4 25. Rxa7 Nc6 26. Rc7 Nxd4 27.
Kf1 f6 28. exf6 gxf6 29. Rc8 Rxc8 30. Nxc8 b5 31. Ke1 Bd7 32. Nd6 Bc6 33. f4
Kf8 34. Nc8 Ke8 35. g4 Kd7 36. Na7 Bb7 37. g5 fxg5 38. fxg5 Kc7 39. h4 Kb6 40.
Bg4 Kxa7 41. h5 Bc6 42. g6 hxg6 43. h6 Nc2+ 44. Kd2 Ne3 45. Kxe3 d4+ 46. Kxd4
e5+ 47. Kxe5 1-0

[Event "Tradewise Gibraltar Chess Festival 2012"]
[Site "?"]
[Date "2012.01.23"]
[Round "1.26"]
[White "Mueller, Hans-Dieter"]
[Black "Hansen, Henrik Damgaard"]
[Result "1-0"]
[WhiteElo "2108"]
[BlackElo "1859"]
[PlyCount "53"]
[EventDate "2012.01.23"]

1. f4 Nf6 2. Nf3 g6 3. d3 d5 4. g3 Bg7 5. Bg2 O-O 6. O-O c5 7. Qe1 Nc6 8. e4
dxe4 9. dxe4 e6 10. c3 b6 11. Qe2 Qc7 12. e5 Nd5 13. Na3 a6 14. Nc4 Rd8 15. Rd1
Bf8 16. Ng5 b5 17. Ne3 Nde7 18. Rxd8 Qxd8 19. Ne4 Qb6 20. Ng4 c4+ 21. Be3 Qc7
22. Ngf6+ Kh8 23. Ng5 Bb7 24. Nxf7+ Kg7 25. Nd6 Kh8 26. Nf7+ Kg7 27. Ng5 1-0

[Event "Tradewise Gibraltar Chess Festival 2012"]
[Site "?"]
[Date "2012.01.23"]
[Round "1.27"]
[White "Riiser, Samuel"]
[Black "Dasaolu, Adeoye"]
[Result "0-1"]
[WhiteElo "1827"]
[BlackElo "2107"]
[PlyCount "101"]
[EventDate "2012.01.23"]

1. d4 Nf6 2. c4 e6 3. Nc3 c5 4. d5 d6 5. e4 e5 6. Bd3 g6 7. Nge2 Bg7 8. O-O O-O
9. a3 Ne8 10. f4 exf4 11. Bxf4 Nd7 12. Ng3 Ne5 13. Be2 Bd7 14. Qd2 a6 15. Rab1
Qb6 16. Be3 Qb3 17. Rfc1 Nxc4 18. Bxc4 Qxc4 19. b3 Bxc3 20. Rxc3 Qb5 21. e5 b6
22. Bh6 dxe5 23. Bxf8 Kxf8 24. Rf3 f6 25. Re1 Kg7 26. Re4 Nd6 27. Re1 Bg4 28.
Rc3 Rf8 29. Ne4 Nxe4 30. Rxe4 Bf5 31. Re1 Rd8 32. Rd1 Rd6 33. Qe3 a5 34. h3 h5
35. Qf3 Qd7 36. Kh2 h4 37. Rc4 g5 38. g4 hxg3+ 39. Kxg3 Bxh3 40. Rc2 Qf5 41.
Rf2 Qxf3+ 42. Kxf3 f5 43. Ke3 Kf6 44. Rb2 f4+ 45. Ke4 Bf5+ 46. Kf3 g4+ 47. Kg2
Be4+ 48. Kg1 g3 49. b4 axb4 50. axb4 c4 51. b5 0-1

[Event "Tradewise Gibraltar Chess Festival 2012"]
[Site "?"]
[Date "2012.01.23"]
[Round "1.28"]
[White "Mihajlov, Svetoslav"]
[Black "Reutimann, Hans Peter"]
[Result "1-0"]
[WhiteElo "2101"]
[BlackElo "1823"]
[PlyCount "69"]
[EventDate "2012.01.23"]

1. d4 d5 2. Nf3 Nf6 3. c4 e6 4. Nc3 c6 5. e3 Ne4 6. Nxe4 dxe4 7. Nd2 Bb4 8. Qg4
O-O 9. Qxe4 Nd7 10. a3 Nf6 11. Qc2 Ba5 12. b4 Bc7 13. Bb2 Ng4 14. Nf3 Qe7 15.
h3 Nh6 16. Bd3 f5 17. O-O b5 18. Ne5 Bb7 19. f4 bxc4 20. Bxc4 Rac8 21. Nd3 Rf6
22. Nc5 Ba8 23. Rae1 Kh8 24. g3 Rg6 25. Kh2 Nf7 26. e4 fxe4 27. Rxe4 Nd6 28.
Rxe6 Rxe6 29. Bxe6 Rf8 30. Rf2 Ne8 31. Re2 Nf6 32. Bb3 Qd6 33. Ne6 Nh5 34. Nxf8
Nxg3 35. Qxh7# 1-0

[Event "Tradewise Gibraltar Chess Festival 2012"]
[Site "?"]
[Date "2012.01.23"]
[Round "1.29"]
[White "Chidi, Lovinia Sylvia"]
[Black "Jameson, David"]
[Result "1-0"]
[WhiteElo "1821"]
[BlackElo "2077"]
[PlyCount "77"]
[EventDate "2012.01.23"]

1. e4 c6 2. d4 d5 3. Nc3 dxe4 4. Nxe4 Bf5 5. Ng3 Bg6 6. h4 h6 7. Nf3 Nd7 8. h5
Bh7 9. Bd3 Bxd3 10. Qxd3 e6 11. Be3 Ngf6 12. O-O-O Bd6 13. Ne4 Nxe4 14. Qxe4
Nf6 15. Qd3 Qa5 16. Qb3 O-O-O 17. c4 Rd7 18. Kb1 Qf5+ 19. Ka1 Kb8 20. d5 exd5
21. cxd5 Nxd5 22. Nd4 Qe4 23. Nxc6+ Ka8 24. Rxd5 bxc6 25. Rd4 Qxg2 26. Rhd1 Rb7
27. Qa4 Be5 28. Rd8+ Rxd8 29. Rxd8+ Bb8 30. a3 Qf1+ 31. Ka2 Qb5 32. Qd4 Qb6 33.
Qd2 Qb3+ 34. Ka1 Qc4 35. Qa5 Rc7 36. Qxc7 Qf1+ 37. Ka2 Qc4+ 38. Kb1 Qf1+ 39.
Bc1 1-0

[Event "Tradewise Gibraltar Chess Festival 2012"]
[Site "?"]
[Date "2012.01.23"]
[Round "1.30"]
[White "Eriksen, Magnus"]
[Black "Bishop, Geoffrey L"]
[Result "1-0"]
[WhiteElo "2076"]
[BlackElo "1811"]
[PlyCount "71"]
[EventDate "2012.01.23"]

1. Nf3 Nf6 2. c4 g6 3. b3 Bg7 4. Bb2 O-O 5. g3 d6 6. Bg2 e5 7. O-O Nc6 8. Nc3
Be6 9. d4 exd4 10. Nxd4 Nxd4 11. Qxd4 c6 12. Qd2 d5 13. cxd5 Nxd5 14. Ne4 Qe7
15. Bxg7 Kxg7 16. Rad1 h6 17. Qb2+ Kh7 18. Rxd5 f5 19. Rd4 fxe4 20. Rxe4 Qd7
21. Rd4 Qe7 22. e3 Rad8 23. Rfd1 Qf6 24. Qe2 Rde8 25. h4 h5 26. Rf4 Qe5 27.
Rxf8 Rxf8 28. Rd4 Qa5 29. Qd2 Qe5 30. Kh2 Rf7 31. f4 Qc5 32. e4 Qe7 33. Rd6 a5
34. e5 Bf5 35. Qxa5 Bb1 36. Qd2 1-0

[Event "Tradewise Gibraltar Chess Festival 2012"]
[Site "?"]
[Date "2012.01.23"]
[Round "1.32"]
[White "Attwood, James"]
[Black "Rough, Robert E"]
[Result "1-0"]
[WhiteElo "2072"]
[BlackElo "1762"]
[PlyCount "63"]
[EventDate "2012.01.23"]

1. d4 d5 2. c4 e6 3. Nf3 Nf6 4. g3 Be7 5. Bg2 O-O 6. O-O Nbd7 7. Qc2 c6 8. Rd1
Bd6 9. Nc3 Qe8 10. b3 Kh8 11. Bb2 Bb4 12. a3 Bxc3 13. Bxc3 Ne4 14. Bb4 Rg8 15.
Nd2 f5 16. f3 Nef6 17. e4 fxe4 18. fxe4 Qg6 19. Re1 Ng4 20. Nf3 e5 21. Nh4 Qh6
22. Qe2 Ngf6 23. exd5 cxd5 24. dxe5 Ne4 25. cxd5 Qb6+ 26. Qe3 Qxe3+ 27. Rxe3
Ng5 28. Be7 h6 29. Bxg5 hxg5 30. Ng6+ Kh7 31. Be4 Kh6 32. g4 1-0

[Event "Tradewise Gibraltar Chess Festival 2012"]
[Site "?"]
[Date "2012.01.23"]
[Round "1.33"]
[White "Haddock, Paul"]
[Black "Havik, Victor"]
[Result "0-1"]
[WhiteElo "1688"]
[BlackElo "2066"]
[PlyCount "80"]
[EventDate "2012.01.23"]

1. e4 e5 2. Nf3 Nc6 3. Bc4 Nf6 4. d3 Be7 5. Nc3 d6 6. h3 Be6 7. Bb5 O-O 8. Bxc6
bxc6 9. O-O Nd7 10. Qe2 Bf6 11. Rd1 c5 12. Nd5 Bxd5 13. exd5 Rb8 14. c4 Be7 15.
b3 f5 16. Bd2 Bf6 17. Rac1 Qe7 18. Rf1 Rbe8 19. Rce1 h6 20. Nh2 Qf7 21. Qf3 Qg6
22. Qg3 Qh7 23. Ba5 Bd8 24. Qf3 Rf7 25. Bc3 g5 26. g4 fxg4 27. Qxg4 Qxd3 28.
Re3 Qh7 29. Rf3 h5 30. Rxf7 Qxf7 31. Qe4 Rf8 32. Kg2 Qg7 33. Kh1 Rf4 34. Qxf4
gxf4 35. Rg1 Bg5 36. Nf3 Kh8 37. Nxg5 Qg6 38. Ne6 Qd3 39. Nxf4 Qxc3 40. Ng6+
Kh7 0-1

[Event "Tradewise Gibraltar Chess Festival 2012"]
[Site "?"]
[Date "2012.01.23"]
[Round "1.36"]
[White "Diaz Velandia, Jose Manuel"]
[Black "Cohen, Lawrence S"]
[Result "1-0"]
[WhiteElo "2136"]
[BlackElo "1971"]
[PlyCount "71"]
[EventDate "2012.01.23"]

1. d4 c5 2. c3 cxd4 3. cxd4 d5 4. Nf3 Nf6 5. Nc3 g6 6. Bf4 Bg7 7. h3 O-O 8. e3
Nc6 9. Bd3 a6 10. O-O Re8 11. Ne5 Nd7 12. Nxd7 Qxd7 13. Na4 Qd8 14. Qb3 b5 15.
Nc3 e6 16. a4 Na5 17. Qc2 b4 18. Ne2 e5 19. dxe5 Bxe5 20. Bxe5 Rxe5 21. Nd4 Bd7
22. Qc5 b3 23. Qd6 Rg5 24. g4 Nc4 25. Bxc4 dxc4 26. Nf3 Ra5 27. Rfd1 Ra7 28.
Ne5 Rxe5 29. Qxe5 Qc7 30. Qf6 c3 31. bxc3 b2 32. Rab1 Rb7 33. Rd2 a5 34. Rdxb2
Rxb2 35. Rxb2 Bxa4 36. Rd2 1-0